Nawabs, Nudes, Noodles (Record no. 344654)

MARC details
000 -LEADER
fixed length control field 00493nam a2200169Ia 4500
008 - FIXED-LENGTH DATA ELEMENTS--GENERAL INFORMATION
fixed length control field 230718s9999 xx 000 0 und d
020 ## - INTERNATIONAL STANDARD BOOK NUMBER
International Standard Book Number 9789382616719
041 ## - LANGUAGE CODE
Language code of text/sound track or separate title eng
082 ## - DEWEY DECIMAL CLASSIFICATION NUMBER
Classification number 659.14
Item number PAR
100 ## - MAIN ENTRY--PERSONAL NAME
Personal name Parameswaran A.
9 (RLIN) 200031
245 ## - TITLE STATEMENT
Title Nawabs, Nudes, Noodles
Remainder of title India Through 50 Years Of Advertising
260 ## - PUBLICATION, DISTRIBUTION, ETC. (IMPRINT)
Date of publication, distribution, etc. 2016
Name of publisher, distributor, etc. Macmillan
300 ## - PHYSICAL DESCRIPTION
Extent 301
365 ## - TRADE PRICE
Currency code Rs.
Price amount 599.00
700 ## - ADDED ENTRY--PERSONAL NAME
Personal name Parameswaran A.
9 (RLIN) 200031
906 ## - LOCAL DATA ELEMENT F, LDF (RLIN)
d O:0552315-May-2017B:316824-Apr-2017
c GENRL
b 131.78
Holdings
Withdrawn status Lost status Damaged status Not for loan Home library Current library Date acquired Vendor Budget Code Cost, normal purchase price Bill number Total Checkouts Full call number Barcode Date last seen Discount Cost, replacement price Bill Date Koha item type Original Barcode
        Cummins College of Engineering for Women Pune Cummins College of Engineering for Women Pune 15/05/2017 Technical Book Services GENRL 467.22 3168   659.14 CCEP-BK-55861 18/07/2023 131.78 599.00 24/04/2017 Books 055861